[Event "Aerosvit-2006"]
[Site "Foros"]
[Date "2006.06.17"]
[Round "2"]
[White "Nisipeanu, Liviu-Dieter"]
[Black "Volokitin, Andrei"]
[Result "1/2-1/2"]
[WhiteElo "2695"]
[BlackElo "2660"]
[PlyCount "65"]
[EventDate "2006.06.17"]

1. e4 {M.Golubev: The Sicilian Alapin with 2.c3. The line with 8.Bb5 dxe5 9.Nxe5 
is not considered to be dangerous for Black. Still, it is somewhat poisonous. 
Nisipeanu spent a lot of time for his 14th move (14.Re1). After that he 
gradually got a promising position. After the dubious 24...Qf8 White, as it 
seems, missed the possibility to get a clear advantage by 25.b4! (instead of 
the slow 25.h3) 25...axb4 26.Bxb4 Nxb4 27.Qb3. The game has ended in a draw by 
repetition of moves on the 33rd move. 0,5-0,5} 
c5 2. c3 Nf6 3. e5 Nd5 4. d4 cxd4 5. Nf3 Nc6 6. cxd4 d6 7. Bc4 Nb6 8. Bb5
dxe5 9. Nxe5 Bd7 10. Nxd7 Qxd7 11. Nc3 Rd8 12. O-O a6 13. Bxc6 Qxc6 14. Re1 Nd5
15. Bd2 e6 16. Rc1 Be7 17. Qg4 Bf6 18. Ne4 Qb6 19. Nxf6+ gxf6 20. b3 h5 21. Qe4
Qd6 22. Qf3 b6 23. Rc4 a5 24. Rec1 Qf8 25. h3 Qg7 26. b4 axb4 27. Bxb4 Rg8 28.
Ba3 h4 29. Rc7 Rd7 30. Rc8+ Rd8 31. R8c7 Rd7 32. Rc8+ Rd8 33. R8c7 1/2-1/2

[Event "Aerosvit-2006"]
[Site "Foros"]
[Date "2006.06.18"]
[Round "2"]
[White "Grischuk, Alexander"]
[Black "Areshchenko, Alexander"]
[Result "1/2-1/2"]
[WhiteElo "2719"]
[BlackElo "2660"]
[PlyCount "46"]
[EventDate "2006.06.17"]

1. e4 {M.Golubev: A topical line of the Najdorf with 6.Be3 e5 7.Nb3. 
Instead of the more popular 14.Nd5 Grischuk played 14.f4!?, and on the 18th move 
he made a new move 18.Bd3! (instead of 18.Bg2, Bogner-Areshchenko, Aarhus 2005). 
Later, White sacrificed a pawn by 19.Nd5 and developed a dangerous initiative. 
Areshchenko spent a lot of time for the unobvious move 21...Rce8. After that 
White preferred to regain a pawn, sterilizing the position. 0,5-0,5.} 
c5 2. Nf3 d6 3. d4 cxd4 4. Nxd4 Nf6 5. Nc3 a6 6. Be3 e5 7. Nb3 Be6 8. Qd2
Be7 9. f3 O-O 10. O-O-O Nbd7 11. g4 Qc7 12. Kb1 b5 13. g5 Nh5 14. f4 exf4 15.
Bxf4 Nxf4 16. Qxf4 Rac8 17. Nd4 Nb6 18. Bd3 Qc5 19. Nd5 Nxd5 20. exd5 Bxd5 21.
Nf5 Rce8 22. Nxe7+ Rxe7 23. Bxh7+ Kxh7 1/2-1/2

[Event "Aerosvit-2006"]
[Site "Foros"]
[Date "2006.06.19"]
[Round "3"]
[White "Bologan, Viktor"]
[Black "Nisipeanu, Liviu-Dieter"]
[Result "1-0"]
[WhiteElo "2666"]
[BlackElo "2695"]
[PlyCount "117"]
[EventDate "2006.06.17"]

1. d4 {M.Golubev: Nisipeanu opted for the Blumenfled Gambit 4...b5!?. He used it 
twice in 2005, so it hardly could have been a surprise for Bologan. Instead of 
5.Bg5, what was played by the Nisipeanu's  opponents, Bologan decided to grab 
the pawn by 5.dxe6, what also occurs often in practice. Bologan's new move 
11.Bg5 does not seem to be extremely successful. White spent a lot of time for 
his 14th move. (Instead of Bologan's 14.Rc1, not so good was 14.Nxd5 exd5 
15.Qxd5+ Kh8 16.Qxc6 Bxe2 17.Rfe1 Bxf3 18.Bxf3 Qxf3 19.Qxd6 Qxf2+ 20.Kh1 where 
Black could have had more than a draw by 20...Qf3+) White managed to obtain some 
advantage, but the draw looked as the most probable result until Nisipeanu made 
a mistake and lost his g-pawn on the 42nd move. 1-0}
 Nf6 2. c4 e6 3. Nf3 c5 4. d5 b5 5. dxe6 fxe6 6. cxb5 d5 7. g3 a6 8. bxa6
Bd6 9. Bg2 O-O 10. O-O Nc6 11. Bg5 Bxa6 12. Nc3 h6 13. Bxf6 Qxf6 14. Rc1 Kh8
15. b3 Rac8 16. a4 Rb8 17. Nb5 Bxb5 18. axb5 Rxb5 19. e4 Ne5 20. Ne1 Nc6 21.
Nc2 Rxb3 22. exd5 Nb4 23. Nxb4 Rxb4 24. dxe6 Qxe6 25. Bd5 Qf6 26. Ba2 Rb2 27.
Rc2 Be5 28. Bb1 g6 29. Qc1 Kg7 30. Rxb2 Bxb2 31. Qxc5 Bd4 32. Qc2 h5 33. h4 Rf7
34. Qe2 Qf3 35. Qxf3 Rxf3 36. Kg2 Rb3 37. f4 Rb2+ 38. Kh3 Bf2 39. Rd1 Re2 40.
Rd7+ Kf6 41. Rd6+ Ke7 42. Rxg6 Bg1 43. g4 hxg4+ 44. Rxg4 Rh2+ 45. Kg3 Rb2 46.
Be4 Rb3+ 47. Bf3 Be3 48. Rg5 Kf6 49. Ra5 Rb4 50. Ra6+ Kg7 51. f5 Bf4+ 52. Kg4
Bd6+ 53. Kh5 Be7 54. Rg6+ Kh7 55. Bg4 Rd4 56. f6 Bb4 57. Rg7+ Kh8 58. Ra7 Rd8
59. Be6 1-0

[Event "Aerosvit-2006"]
[Site "Foros"]
[Date "2006.06.19"]
[Round "3"]
[White "Rublevsky, Sergei"]
[Black "Ponomariov, Ruslan"]
[Result "1-0"]
[WhiteElo "2687"]
[BlackElo "2738"]
[PlyCount "107"]
[EventDate "2006.06.17"]

1. e4 {M.Golubev: The opponents, as it is expected, will play a candidate's 
match each against other later this year. For the moment, they meet each other 
in Foros. Rublevsky's choice could not surprise anyone: the Scotch Game. 
On 12th move Ponomariov opted for 12...Rhe8 instead of the more acute 12...Nb4,
but did not manage to equalise. After the exchange of queens, White's chances 
are somewhat better because the minor black pieces are passive. On the 21st move 
Ponomariov refused to win the pawn by 21...Rxf4. Indeed, it looks dangerous for 
Black: 22.Re8+ (probably stronger than 22.c5 Rf2!) 22...Kb7 23.Ne4 (threatening 
with 24.Nc5 mate) 23...d6 24.a4 Rh4 25.Bf5 Rxh2+ 26.Kc3. But in the game things 
were not easy for Black, too. White preserved his dangerous f-pawn, which later 
costed Black a whole piece. 1-0 } 
e5 2. Nf3 Nc6 3. d4 exd4 4. Nxd4 Nf6 5. Nxc6 bxc6 6. e5 Qe7 7. Qe2 Nd5 8.
c4 Ba6 9. b3 O-O-O 10. g3 g5 11. Bb2 Bg7 12. Nd2 Rhe8 13. O-O-O Nb6 14. f4 gxf4
15. gxf4 f6 16. exf6 Bxf6 17. Qxe7 Bxb2+ 18. Kxb2 Rxe7 19. Bh3 Rf8 20. Rhe1
Rxe1 21. Rxe1 Kd8 22. f5 Bc8 23. Nf3 c5 24. Rg1 d5 25. Ng5 h6 26. Nh7 Rf7 27.
Rg8+ Ke7 28. f6+ Kd6 29. Rd8+ Ke5 30. Re8+ Kd6 31. Bxc8 Nxc8 32. Nf8 Rxf6 33.
Rxc8 dxc4 34. bxc4 Rf2+ 35. Kb3 Rf3+ 36. Kc2 Rf2+ 37. Kd3 Rf3+ 38. Kd2 Rf2+ 39.
Ke3 Rxh2 40. Re8 c6 41. Re6+ Kc7 42. Ng6 Rxa2 43. Ne5 h5 44. Rxc6+ Kb7 45. Rxc5
h4 46. Nf3 h3 47. Rh5 Ra3+ 48. Ke4 Rc3 49. Nd2 Ra3 50. Kd4 a5 51. Ne4 a4 52.
Nc3 Ra1 53. Rxh3 a3 54. Rh2 1-0

[Event "Aerosvit-2006"]
[Site "Foros"]
[Date "2006.06.19"]
[Round "3"]
[White "Ivanchuk, Vassily"]
[Black "Grischuk, Alexander"]
[Result "1/2-1/2"]
[WhiteElo "2731"]
[BlackElo "2719"]
[PlyCount "39"]
[EventDate "2006.06.17"]

1. e4 {M.Golubev: In the Anti-Marshall on 10th move Grischuk deviated from his 
previous encounter with Ivanchuk (Russian League 2006). 10...Na5 (instead of 
10...Qd7) and a quick draw after 10 more moves. 0,5-0,5}
 e5 2. Nf3 Nc6 3. Bb5 a6 4. Ba4 Nf6 5. O-O Be7 6. Re1 b5 7. Bb3 O-O 8. h3
Bb7 9. d3 d6 10. a3 Na5 11. Ba2 c5 12. Nbd2 Nc6 13. Nf1 Bc8 14. Bg5 Be6 15. Ne3
Bxa2 16. Rxa2 Nd7 17. Bxe7 Nxe7 18. c3 Qc7 19. a4 Nb6 20. axb5 1/2-1/2

[Event "Aerosvit-2006"]
[Site "Foros"]
[Date "2006.06.20"]
[Round "4"]
[White "Ponomariov, Ruslan"]
[Black "Shirov, Alexei"]
[Result "1/2-1/2"]
[WhiteElo "2738"]
[BlackElo "2699"]
[PlyCount "29"]
[EventDate "2006.06.17"]

1. d4 {M.GOLUBEV: In the Slav Defence, Ponomariov opted for a solid 4.e3 
(avoiding the Botvinnik Variation, which occurred in his game with Shirov 
in Wijk aan Zee, 2003). Later White sacrificed the c4 pawn, in accordance with 
the theory. On the 11th move Shirov deviated from his rapid game versus Sasikiran 
and played 11...Bb4 (instead of 11...Be7). After 12.a3, Shirov's move 12...Ba5!?
 was, probably, new. (Earlier Black tried 12...Be7 a couple of times.) After the 
 Ponomariov's 15th move the draw was agreed. In Ruslan's opinion, Black solved 
 his opening problems and was not worse. 0.5-0.5}
 d5 2. c4 c6 3. Nf3 Nf6 4. e3 Bf5 5. Nc3 e6 6. Nh4 Bg6 7. Nxg6 hxg6 8. g3
Nbd7 9. Bg2 dxc4 10. Qe2 Nb6 11. O-O Bb4 12. a3 Ba5 13. Rd1 Qe7 14. e4 e5 15.
Be3 1/2-1/2

[Event "Aerosvit-2006"]
[Site "Foros"]
[Date "2006.06.20"]
[Round "4"]
[White "Karjakin, Sergey"]
[Black "Areshchenko, Alexander"]
[Result "1/2-1/2"]
[WhiteElo "2661"]
[BlackElo "2660"]
[PlyCount "64"]
[EventDate "2006.06.17"]

1. e4 {M.GOLUBEV: A side line of the Sicilian with 2.Ne2. After 9.d5 White is 
slightly better. 9...Nb4 appears to be new, but the position after 9.d5 was 
previously tested only in a few games. In the further manoeuvres Karjakin has 
"managed" to spoil three tempis (11.Qb3?!; 15.Qd3?!). After that and until the 
end of the game White was slightly worse. After 32 moves Areshchenko was 
somewhat short of time and proposed a draw. 0.5-0.5} 
c5 2. Ne2 d6 3. g3 Nf6 4. Bg2 Nc6 5. c3 e5 6. d4 cxd4 7. cxd4 Bg4 8. f3
Bd7 9. d5 Nb4 10. Be3 Be7 11. Qb3 a5 12. O-O b5 13. Nbc3 Rb8 14. Qd1 Na6 15.
Qd3 Nc5 16. Qd2 b4 17. Nd1 Bb5 18. Nf2 Nfd7 19. f4 Qb6 20. Kh1 Qa6 21. Rfe1 O-O
22. Ng1 Rfc8 23. Rac1 b3 24. a3 Nd3 25. Nxd3 Bxd3 26. Rc6 Rxc6 27. dxc6 Nf6 28.
fxe5 Nxe4 29. Qd1 dxe5 30. c7 Rc8 31. Qxb3 Rxc7 32. Qd5 Nc5 1/2-1/2

[Event "Aerosvit-2006"]
[Site "Foros"]
[Date "2006.06.21"]
[Round "5"]
[White "Shirov, Alexei"]
[Black "Nisipeanu, Liviu-Dieter"]
[Result "1/2-1/2"]
[WhiteElo "2699"]
[BlackElo "2695"]
[PlyCount "89"]
[EventDate "2006.06.17"]

1. e4 {M.GOLUBEV: The first game between Shirov and Nisipeanu after Las-Vegas -
 1999! Nisipeanu played his pet system of the Philidor Defence with the early 
 ...d6-d5. Instead of the move 8...Nxe5, which Liviu-Dieter used against 
 Timofeev in 2005, now he made a new move 8...0-0. Black obtained an acceptable 
 position. But the pawn sacrifice (17...Re8) was over-optimistic. By move 25 
 Black's activity disappeared, White had a healthy extra pawn. Being in time 
 trouble, Shirov did not manage to overcome the technical difficulties. 
 (On the 40th move, deserved attention 40.c7). 0.5-0.5}
 e5 2. Nf3 d6 3. d4 exd4 4. Nxd4 Nf6 5. Nc3 Be7 6. g3 d5 7. e5 Ng4 8. Bg2
O-O 9. O-O Nxe5 10. Nxd5 Bc5 11. c3 c6 12. Ne3 Nbd7 13. b4 Bb6 14. b5 cxb5 15.
Nxb5 Nc5 16. Ba3 Bd7 17. Nd4 Re8 18. Bxc5 Bxc5 19. Bxb7 Bh3 20. Re1 Rb8 21. Be4
g6 22. Nb3 Bxe3 23. Rxe3 Ng4 24. Qxd8 Rbxd8 25. Rd3 Rc8 26. Bg2 Bxg2 27. Kxg2
h5 28. h3 Nf6 29. Rc1 Re4 30. Rd4 Re2 31. Nd2 Rc5 32. Kf1 Re6 33. c4 Ra5 34.
Rc2 Rea6 35. c5 Rxa2 36. Rxa2 Rxa2 37. c6 Rc2 38. Nc4 Nd5 39. Ke1 Nb6 40. Ne5
Rc5 41. f4 Kg7 42. Rd6 Nc4 43. Nxc4 Rxc4 44. h4 a5 45. Rd5 1/2-1/2

[Event "Aerosvit-2006"]
[Site "Foros"]
[Date "2006.06.21"]
[Round "5"]
[White "Rublevsky, Sergei"]
[Black "Volokitin, Andrei"]
[Result "1-0"]
[WhiteElo "2687"]
[BlackElo "2660"]
[PlyCount "73"]
[EventDate "2006.06.17"]

1. e4 {M.GOLUBEV: A rare line of the Sicilian: 2.Nc3 d6 3.Nge2. Already the 
7th move of Black was new. After 13.g4! and 14.Ng3 White developed an initiative 
on the kingside. Still, Black preserved serious defensive resources. Trying 
to play as actively as possible, White sacrificed the pawn and later also 
exchange. His compensation turned out to be very serious. Probably it is 
possible to find an improvement for Black on the 25th-27th moves, but his 
decisive mistake was 29...Ng6? (instead, necessary was 29...Kh8!). After 30.h4! 
Black's position collapsed. An impressive victory by Rublevsky. 1-0}
 c5 2. Nc3 d6 3. Nge2 Nf6 4. g3 b5 5. Bg2 Bb7 6. d4 b4 7. Nd5 Nbd7 8. O-O
e6 9. Nxf6+ Nxf6 10. d5 exd5 11. exd5 Be7 12. h3 O-O 13. g4 Nd7 14. Ng3 g6 15.
Bh6 Re8 16. Re1 Bf6 17. Rxe8+ Qxe8 18. Ne4 Be5 19. Qd2 f5 20. Ng5 Bxb2 21. Re1
Ne5 22. Qf4 Bc3 23. Re2 Ba6 24. Re3 Bd2 25. Ne6 Bxe3 26. Qxe3 Qf7 27. gxf5 gxf5
28. Bf4 Re8 29. Qg3+ Ng6 30. h4 Kh8 31. Bxd6 f4 32. Qg5 f3 33. Bh3 h6 34. Qxh6+
Qh7 35. Qg5 Rg8 36. h5 Nf4 37. Be5+ 1-0

[Event "Aerosvit-2006"]
[Site "Foros"]
[Date "2006.06.21"]
[Round "5"]
[White "Ivanchuk, Vassily"]
[Black "Karjakin, Sergey"]
[Result "1/2-1/2"]
[WhiteElo "2731"]
[BlackElo "2661"]
[PlyCount "47"]
[EventDate "2006.06.17"]

1. Nf3 {M.GOLUBEV: The Moscow Variation of the Slav Defence. After 20 moves it 
was hard to see any advantage for White. A draw was agreed on the 24th move. 
The first draw for Karjakin against Ivanchuk (in their two previous encounters 
Sergey lost). 0.5-0.5}
 Nf6 2. c4 e6 3. Nc3 d5 4. d4 c6 5. Bg5 h6 6. Bxf6 Qxf6 7. e3 Nd7 8. Bd3
dxc4 9. Bxc4 g6 10. O-O Bg7 11. b4 O-O 12. Rc1 Qe7 13. Qb3 b6 14. b5 Bb7 15.
bxc6 Bxc6 16. Rfd1 Rfd8 17. Qb1 Bb7 18. Bd3 Rac8 19. Be4 Nf6 20. Bxb7 Qxb7 21.
Ne2 Ne4 22. Rxc8 Rxc8 23. Nd2 Nd6 24. Rc1 1/2-1/2

[Event "Aerosvit-2006"]
[Site "Foros"]
[Date "2006.06.22"]
[Round "6"]
[White "Volokitin, Andrei"]
[Black "Shirov, Alexei"]
[Result "1-0"]
[WhiteElo "2660"]
[BlackElo "2699"]
[PlyCount "125"]
[EventDate "2006.06.17"]

1. e4 {M.GOLUBEV: In the Petroff Defence, Volokitin opted for a line 3.Nxe5 d6 
4.Nf3 Nxe4 5.Nc3, which became topical after Shirov's successful games in Russia 
vs The Row 2002 match. So, Shirov is fighting against his own weapon. 
An interesting, complicated struggle. After the impressive move 25.Rd4! the game 
soon transposed into a pleasant for White endgame. After the long struggle, 
Volokitin converted his advantage into a full point. The final of the game was 
quite pretty. 1-0}
 e5 2. Nf3 Nf6 3. Nxe5 d6 4. Nf3 Nxe4 5. Nc3 Nxc3 6. dxc3 Be7 7. Be3 Nc6
8. Qd2 O-O 9. O-O-O Ne5 10. h4 Be6 11. Kb1 Bf6 12. Ng5 Qd7 13. Bd4 Rad8 14. Be2
Rfe8 15. f4 Nc4 16. Bxc4 Bxc4 17. Bxf6 gxf6 18. Nf3 Re2 19. Qd4 Qf5 20. Rd2 Re4
21. Qxa7 Qxf4 22. b3 Ba6 23. c4 Rde8 24. Rhd1 Qe3 25. Rd4 Rxd4 26. Qxd4 Qxd4
27. Rxd4 b6 28. Kc1 Bb7 29. Rg4+ Kf8 30. Kd2 h5 31. Rf4 Ke7 32. g3 Rg8 33. Nd4
c5 34. Ne2 Ke6 35. Rf1 Ke5 36. Ke3 Be4 37. Rc1 d5 38. cxd5 Bxd5 39. c4 Bc6 40.
Rc2 Rd8 41. Rd2 Rg8 42. a4 Be4 43. Kf2 f5 44. Nf4 Rh8 45. Rd7 Rh7 46. Ke3 Bc6
47. Rd8 Be4 48. Rd7 Bc6 49. Ng6+ Ke6 50. Nf8+ Ke5 51. Nxh7 Bxd7 52. Ng5 Be8 53.
Nh3 Bc6 54. Nf4 Be4 55. Kd2 Bf3 56. Ke3 Be4 57. Nxh5 Bc2 58. Nf4 Bxb3 59. Nd5
Bxa4 60. h5 f4+ 61. gxf4+ Kf5 62. Ne7+ Kf6 63. h6 1-0

[Event "Aerosvit-2006"]
[Site "Foros"]
[Date "2006.06.22"]
[Round "6"]
[White "Bologan, Viktor"]
[Black "Rublevsky, Sergei"]
[Result "0-1"]
[WhiteElo "2666"]
[BlackElo "2687"]
[PlyCount "122"]
[EventDate "2006.06.17"]

1. d4 {M.GOLUBEV: In the key game of the round occurred the Queen's Gambit 
Accepted with 3.e4 e5. The move 14.Nf5!? was almost new (once it occurred in 
a game between computers, Zappa 1.0 - Pharaon 3.3, CEGT 2005). The endgame, 
which arose, may look very good for White who has a better pawn structure. 
Still, Black has chances to develop a serious counterplay. And indeed, the black 
light squared bishop proved to be very strong, while White could not use the 
weakened pawn structure on the opponent's queenside. Gradually Black obtained 
a big advantage and started to collect the white pawns one after another. 
In the end, Rublevsky had only one extra pawn in the rook endgame, but it proved 
to be enough for a win. 0-1} 
d5 2. c4 dxc4 3. e4 e5 4. Nf3 exd4 5. Bxc4 Bb4+ 6. Nbd2 Nc6 7. O-O Nf6 8.
e5 Nd5 9. Nb3 Nb6 10. Bb5 Qd5 11. Nbxd4 O-O 12. Bxc6 bxc6 13. Qc2 c5 14. Nf5
Qe6 15. Ng3 Qg6 16. Qxg6 hxg6 17. a3 Ba5 18. Bd2 Bxd2 19. Nxd2 c4 20. Rac1 Be6
21. f4 Rfd8 22. Rf2 Rd4 23. Nb1 Na4 24. Nc3 Nc5 25. Rcc2 Nd3 26. Nge2 Rdd8 27.
Rf1 Rab8 28. Rd1 Bf5 29. Rcd2 Re8 30. b4 g5 31. fxg5 Rbd8 32. Ng3 Bg4 33. Rf1
Rxe5 34. h3 Be6 35. h4 Rd4 36. g6 fxg6 37. Re2 Rxe2 38. Ngxe2 Rxh4 39. Nb5 c5
40. Nc7 Bg4 41. Nc3 cxb4 42. axb4 Nxb4 43. Rf4 g5 44. Rxc4 Bd7 45. Rc5 Rg4 46.
N7d5 Nxd5 47. Nxd5 Rd4 48. Ne7+ Kf7 49. Nc6 Bxc6 50. Rxc6 a5 51. Rc5 a4 52.
Rxg5 a3 53. Ra5 Rd3 54. Kh2 Ke6 55. g3 Rd2+ 56. Kh3 a2 57. Kh4 Kd6 58. g4 Kc6
59. Ra8 Kb6 60. Ra3 Kb5 61. Ra7 Kb4 0-1

[Event "Aerosvit-2006"]
[Site "Foros"]
[Date "2006.06.22"]
[Round "6"]
[White "Nisipeanu, Liviu-Dieter"]
[Black "Areshchenko, Alexander"]
[Result "1-0"]
[WhiteElo "2695"]
[BlackElo "2660"]
[PlyCount "143"]
[EventDate "2006.06.17"]

1. e4 {M.GOLUBEV: Already for a fourth time in 2006, Nisipeanu plays a rare line 
6.Be3 e5 7.Nde2!? in the "Najdorf". Queens were exchanged quickly after what 
White was fighting for some advantage. The play was very complicated, but, 
as it seems, the control over the white squares always ensured somewhat better 
chances for White. On the 56th move Nisipeanu missed a possibility to delivery 
checkmate in a few moves (56.Ke8!), but later he won anyway. 1-0} 
c5 2. Nf3 d6 3. d4 cxd4 4. Nxd4 Nf6 5. Nc3 a6 6. Be3 e5 7. Nde2 Be6 8. f4
Nbd7 9. f5 Bc4 10. Nc1 Bxf1 11. Rxf1 Rc8 12. Nb3 b5 13. a3 Be7 14. Qd3 Qc7 15.
O-O-O Qc4 16. Bg5 h6 17. Bh4 O-O 18. Qxc4 Rxc4 19. Na5 Rc7 20. Bxf6 Nxf6 21.
Nd5 Nxd5 22. Rxd5 Rfc8 23. c3 h5 24. Kc2 g6 25. g3 Kh7 26. f6 Bf8 27. h4 Re8
28. b4 Re6 29. Kb3 Bh6 30. c4 g5 31. cxb5 axb5 32. hxg5 Bxg5 33. Rxb5 Rc1 34.
Rxc1 Bxc1 35. Rd5 Rxf6 36. b5 Rf3+ 37. Kc2 Be3 38. Nc4 Bd4 39. Nxd6 Rxg3 40.
Nf5 Rg2+ 41. Kd3 Bf2 42. Rd7 h4 43. Rxf7+ Kg8 44. Nh6+ Kh8 45. Rf3 Kh7 46. Nf5
Rh2 47. a4 Bb6 48. Kc4 h3 49. Kd5 Kg6 50. Kc6 Bd8 51. Rg3+ Kf6 52. Ne3 Rh1 53.
Kd7 Ba5 54. Ng4+ Kf7 55. Nh6+ Kf6 56. Ng8+ Kf7 57. Nh6+ Kf6 58. Ng4+ Kf7 59.
Nxe5+ Kf6 60. Ng4+ Kf7 61. Nf2 Ra1 62. Rxh3 Rxa4 63. Rf3+ Kg6 64. e5 Rb4 65.
Kc6 Rc4+ 66. Kd5 Rb4 67. Kc5 Rb1 68. Nd3 Bd8 69. e6 Rd1 70. Kc6 Rb1 71. Ne5+
Kh5 72. Rh3+ 1-0

[Event "Aerosvit-2006"]
[Site "Foros"]
[Date "2006.06.22"]
[Round "6"]
[White "Ponomariov, Ruslan"]
[Black "Ivanchuk, Vassily"]
[Result "1/2-1/2"]
[WhiteElo "2738"]
[BlackElo "2731"]
[PlyCount "79"]
[EventDate "2006.06.17"]

1. e4 {M.GOLUBEV: A well researched line of the "Najdorf" with 6.Be3 e5 7.Nb3. 
Ivanchuk's novelty 18...Rc7 allowed White to repeat the position. Ponomariov 
avoided the repetition, but hardly obtained the advantage. The draw was agreed 
on the move 40. In Ponomariov's words, it was rather him (White) who fought for 
a draw. 0.5-0.5} 
c5 2. Nf3 d6 3. d4 cxd4 4. Nxd4 Nf6 5. Nc3 a6 6. Be3 e5 7. Nb3 Be6 8. f3
Nbd7 9. g4 Nb6 10. g5 Nh5 11. Qd2 Be7 12. O-O-O O-O 13. Kb1 Rc8 14. Rg1 g6 15.
Nd5 Nxd5 16. exd5 Bf5 17. Bd3 Qd7 18. Qb4 Rc7 19. Bb6 Rcc8 20. Be4 f6 21. gxf6
Nxf6 22. Nd2 Rf7 23. Be3 b5 24. Qa3 Bxe4 25. fxe4 Ng4 26. Bb6 Qb7 27. Qh3 Qxb6
28. Qxg4 Qc5 29. c3 Rcf8 30. Rg2 Rf4 31. Qd7 R8f7 32. Qb7 Qe3 33. Kc2 Qh3 34.
Rdg1 Rf2 35. Rxf2 Rxf2 36. Qxe7 Rxd2+ 37. Kxd2 Qxh2+ 38. Kd3 Qxg1 39. Qe8+ Kg7
40. Qe7+ 1/2-1/2

[Event "Aerosvit-2006"]
[Site "Foros"]
[Date "2006.06.22"]
[Round "6"]
[White "Karjakin, Sergey"]
[Black "Grischuk, Alexander"]
[Result "1/2-1/2"]
[WhiteElo "2661"]
[BlackElo "2731"]
[PlyCount "104"]
[EventDate "2006.06.17"]

1. e4 {M.GOLUBEV: The Anti-Marshall. After a good novelty 17...Qxd5! (instead of
 17...exd5?!, Mariotti vs Rest of the World, Internet 2006), a few moves later 
 Grischuk obtained a better endgame with a dangerous passed b-pawn. Karjakin was 
forced to fight for a draw. His task was not too difficult, but of course it was 
important to play 32.Rxb4! (if 32.Be3, then 32...Bc3 and the black pawn goes 
forward). 0.5-0.5} 
e5 2. Nf3 Nc6 3. Bb5 a6 4. Ba4 Nf6 5. O-O Be7 6. Re1 b5 7. Bb3 O-O 8. h3
Bb7 9. d3 d6 10. a3 Na5 11. Ba2 c5 12. Nbd2 Nc6 13. Nf1 Bc8 14. c3 Be6 15. Bxe6
fxe6 16. b4 d5 17. exd5 Qxd5 18. Qe2 Rfd8 19. Nxe5 Qxe5 20. Qxe5 Nxe5 21. Rxe5
Rxd3 22. Rxe6 Kf7 23. Re3 Rad8 24. a4 cxb4 25. cxb4 Bxb4 26. axb5 axb5 27. Rb1
Rd1 28. Reb3 Nd5 29. Bg5 Rxb1 30. Rxb1 Rb8 31. Ne3 Nxe3 32. Rxb4 Nc4 33. Kf1
Ke6 34. Ke2 Kd5 35. Kd3 h6 36. Be3 Nxe3 37. fxe3 Kc5 38. Rg4 Rb7 39. h4 b4 40.
Kc2 b3+ 41. Kb2 Kd5 42. h5 Ke5 43. Rg6 Kf5 44. g3 Ke4 45. g4 Kxe3 46. g5 hxg5
47. Rxg5 Ke4 48. Rg6 Kf5 49. Kc1 b2+ 50. Kb1 Ke5 51. h6 gxh6 52. Rxh6 Kd4
1/2-1/2